000
00258 a2200121 4500
001
63524
082
_a
004.133 LAW
090
_c
37532
_d
37532
100
_a
Lamlor
245
_a
Computer Science With C++
260
_a
Boston
_b
Broke Coli
300
_a
591
942
_a
caenust
_k
004.133 LAW
999
_c
298597
_d
298597